Les 10 pays au plus haut taux de divorces - Statistiques

Statistiques générales
  • Ce quiz a été pris 151 fois
  • Le résultat moyen est 6 sur 10
Statistiques - réponses
# Pays %age de divorces % Correct
8 France 54
99%
3 Espagne 57
93%
1 Portugal 71
78%
7 Belgique 54
75%
10 Russie 52
72%
9 Pays-Bas 53
63%
4 Danemark 56
54%
6 Finlande 56
50%
2 Luxembourg 66
41%
5 Cuba 56
5%
Aucun quiz correspondant
Distribution des résultats
% des personnes avec chaque résultat
Percentile par nombre de réponses
Votre historique - résultats
Vous n’avez pas pris ce quiz